Biotechnology fundamentals / (Record no. 13739)
[ view plain ]
| 000 -LEADER | |
|---|---|
| fixed length control field | 00382cam a2200145 a 4500 |
| 020 ## - INTERNATIONAL STANDARD BOOK NUMBER | |
| ISBN | 9781439820094 (hardcover) |
| 082 00 - DEWEY DECIMAL CLASSIFICATION NUMBER | |
| Classification number | 660.6 |
| Item number | KHA/BI |
| 100 1# - MAIN ENTRY--AUTHOR NAME | |
| Personal name | Khan, Firdos Alam. |
| 245 10 - TITLE STATEMENT | |
| Title | Biotechnology fundamentals / |
| 260 ## - PUBLICATION, DISTRIBUTION, ETC. (IMPRINT) | |
| Place of publication | Boca Raton : |
| Name of publisher | CRC Press, |
| Year of publication | c2012. |
| 300 ## - PHYSICAL DESCRIPTION | |
| Number of Pages | xxxi, 576 p. : |
| Other physical details | col. ill. ; |
| 650 #0 - SUBJECT ADDED ENTRY--TOPICAL TERM | |
| Topical Term | Biotechnology. |
| 650 12 - SUBJECT ADDED ENTRY--TOPICAL TERM | |
| Topical Term | Biotechnology. |
| 942 ## - ADDED ENTRY ELEMENTS (KOHA) | |
| Koha item type | Reference |
| Withdrawn status | Lost status | Damaged status | Collection code | Home library | Current library | Shelving location | Date acquired | Source of acquisition | Cost, normal purchase price | Full call number | Accession Number | Koha item type |
|---|---|---|---|---|---|---|---|---|---|---|---|---|
| Reference | KAUAET | KAUAET | Reference | 31/03/2012 | International Books & Periodicals Supply Service, Delhi | 4022.00 | 660.6 KHA/BI | 23534 | Reference |
